| 000 | 00945nam a2200289 a 4500 | ||
|---|---|---|---|
| 001 | 85394 | ||
| 003 | BD-RjUL | ||
| 005 | 20250731145825.0 | ||
| 008 | 250731s2023 bg ||||| |||| 00| 0 eng d | ||
| 020 | _a9849684526 | ||
| 020 | _a9789849684527 | ||
| 035 | _a(BD-RjUL)85394 | ||
| 040 |
_aBD-RjUL _beng _cBD-RjUL |
||
| 041 | _aeng | ||
| 082 |
_a581.095492 _bYUT 2023 |
||
| 100 |
_aYusuf, Mohammed [Author] _916377 |
||
| 245 |
_aThousand plants of Bangladesh : _ba pictorial compendium / _cMohammed Yusuf ... [et al.] |
||
| 260 |
_aChattogram : _bBangledesh Forest Research Institute, _c2023 |
||
| 300 |
_av. : _bill. ; _c28 cm. |
||
| 504 | _aIncludes bibliographical references and index. | ||
| 505 | 0 | 1 | _aVol.1-- Vol. 2-- |
| 650 |
_aPlants _zBangladesh _915283 |
||
| 700 |
_aMohiuddin, Mohammed [Author] _916378 |
||
| 700 |
_aHossain, Mohammed Kamal [Author] _916379 |
||
| 700 |
_aHaider, Rafiqul [Author] _916380 |
||
| 942 |
_2ddc _cBK |
||
| 999 |
_c85394 _d85394 |
||